=LDR 00000nam 2200000 4500 =001 INLIS000000000013217 =005 20130612104638 =008 ***********************************Ind** =035 ##$$0010-061300000013217 =041 ##$$a Ind =082 ##$$a 372.607 6 =090 ##$$a 372.607 6, Mar i =100 ##$$a Maryani, Yani =245 ##$$a Intisari bahasa Indonesia SD untuk kelas 4,5 dan 6, Yani Maryani =260 ##$$a 2002 $b Bandung =300 ##$$a 304 hlm, ilus, 21 cm =650 ##$$a Pendidikan dasar - Bahasa Indonesia - Tes dan Evaluasi =850 ##$$a NBPNMAT =990 ##$$a 21601779/BPAP-NTB/2017